[Event "IECG TE.2008.P.02502 email"]
[Site "IECG email"]
[Date "2008.03.15"]
[Round "?"]
[White "Spooner, Frank"]
[Black "Grosso, Carlos"]
[Result "1/2-1/2"]
[WhiteElo "1800"]
[BlackElo "2000"]
[PlyCount "52"]
[EventDate "2008.03.15"]
[EventType "tourn (corr)"]
[EventRounds "12"]
[SourceTitle "Corr 2024"]
[Source "ChessBase"]
[SourceDate "2023.10.19"]
[SourceVersion "1"]
[SourceVersionDate "2023.10.19"]
[SourceQuality "1"]

1. d4 d5 2. c4 c6 3. Nc3 Nf6 4. e3 e6 5. Nf3 Nbd7 6. Qc2 Bd6 7. e4 dxe4 8. Nxe4 Nxe4 9. Qxe4 e5 10. Be2 Nf6 11. Qe3 e4 12. Nd2 Bf5 13. f3 0-0 14. 0-0 exf3 15. Nxf3 Re8 16. Ne5 Bg6 17. c5 Bxe5 18. dxe5 Qd5 19. Bf3 Ne4 20. b4 Qxe5 21. Rb1 Nxc5 22. Qxe5 Rxe5 23. bxc5 Bxb1 24. Bb2 Rxc5 25. Rxb1 Rb5 26. Bd1 c5 1/2-1/2